Hungary Current Squad - Statistics

General Stats
  • This quiz has been taken 58 times
    16 since last reset
  • The average score is 13 of 26
Answer Stats
Role Club Player Name % Correct
Midfielder Liverpool Dominik Szoboszlai
100%
Defender Liverpool Milos Kerkez
93%
Defender RB Leipzig Willi Orbán
93%
Defender Ferencvárosi TC Gábor Szalai
86%
Forward Galatasaray Roland Sallai
79%
Forward Ferencvárosi TC Barnabás Varga
64%
Midfielder VfL Wolfsburg Bence Dárdai
57%
Defender Hertha BSC Márton Dárdai
57%
Defender Puskás Akadémia Zsolt Nagy
57%
Midfielder Ferencvárosi TC Alex Tóth
50%
Goalkeeper Blackburn Rovers Balázs Tóth
50%
Defender Rapid Wien Bendegúz Bolla
50%
Goalkeeper Ferencvárosi TC Dénes Dibusz
50%
Goalkeeper Al-Fateh Péter Szappanos
50%
Midfielder Union Berlin András Schäfer
43%
Defender West Bromwich Albion Callum Styles
43%
Coach - Marco Rossi
43%
Defender Parma Botond Balogh
36%
Forward St. Gallen Kevin Csoboth
36%
Midfielder AIK Áron Csongvai
29%
Defender Paksi FC Attila Osváth
29%
Midfielder Columbus Crew Dániel Gazdag
29%
Defender Without Club Loïc Nego
29%
Midfielder Real Valladolid Tamás Nikitscher
29%
Defender Çaykur Rizespor Attila Mocsi
21%
Midfielder Dunajska Streda Milán Vitális
21%
No matching quizzes found
Score Distribution
Percent of People with Each Score
Percentile by Number Answered
Your Score History
You have not taken this quiz since the last reset